Caccia alla parola - Statistics

Statistiche generali
  • Questo quiz è stato fatto 107 volte
  • Il punteggio medio è 4 su 10
Statistiche sulle risposte
Indizio Parola % Corretto
_ AV _ T _ _ PI CAVATAPPI
88%
LE _ RO _ T _ LEPROTTO
69%
M _ _ D _ IL _ O MANDRILLO
65%
I _ I _ E IRIDE
54%
S _ _ R _ TT _ T _ O SOPRATTUTTO
34%
VA _ _ E _ VALZER
33%
_ _ Z _ AR _ L _ A MOZZARELLA
32%
_ O _ FI _ E CONFINE
25%
P _ _ I _ LA _ IM _ PUSILLANIME
20%
_ _ V _ NT _ N _ JUVENTINO
7%
Nessun quiz corrispondente trovato
Distribuzione punteggi
Percentuale di utenti per punteggio
Percentile per numero di risposta
I tuoi punteggi nel tempo
Non hai fatto questo quiz